[Event "3rd Sat Djenovici Mar IM"]
[Site "Djenovici MNE"]
[Date "2018.03.21"]
[Round "6.1"]
[White "Rajkovic, Mladen"]
[Black "Marjanovic, Dejan"]
[Result "0-1"]
[BlackTitle "FM"]
[WhiteElo "2361"]
[BlackElo "2377"]
[WhiteFideId "930660"]
[BlackFideId "14402661"]
[EventDate "2018.03.17"]

1. e4 e6 2. d4 d5 3. Nd2 dxe4 4. Nxe4 Nf6 5. Nxf6+ gxf6 6. Nf3 Nc6 7. Bf4 Bd6 8.
Bh6 Rg8 9. Qd3 f5 10. O-O-O Bd7 11. Qe3 Nb4 12. Bc4 Qe7 13. Rhe1 c6 14. g3 Nd5
15. Bxd5 cxd5 16. Bf4 O-O-O 17. Bxd6 Qxd6 18. Qh6 Qf8 19. Qxf8 Rdxf8 20. Ne5 Bb5
21. Re3 Kc7 22. f4 f6 23. Nf3 Kd6 24. Rde1 Bd7 25. b3 Rc8 26. Kb2 b6 27. Nd2 b5
28. b4 h5 29. Nb3 Rc4 30. c3 Rc6 31. Nc5 Ke7 32. Ra1 Ra8 33. a4 bxa4 34. Nxa4
Ra6 35. Nc5 Rxa1 36. Kxa1 a5 37. Kb2 axb4 38. cxb4 Rb8 39. Kb3 Ra8 40. Re2 Ra1
41. Nxd7 Kxd7 42. b5 Rd1 43. Kc3 Rc1+ 44. Rc2 Rd1 45. Rb2 Kc7 46. Re2 Kd6 47.
Ra2 Rc1+ 48. Kb4 Rc4+ 49. Ka5 Rxd4 50. b6 Rd1 51. Rb2 Ra1+ 52. Kb5 Kd7 53. Rc2
Rb1+ 54. Ka6 d4 55. b7 d3 56. Rc3 d2 57. Rd3+ Kc7 58. Rxd2 Rb6+ 59. Ka5 Rxb7 60.
Ka4 Rb8 61. Ka3 Kc6 62. Rd1 Rb5 63. Rd8 Rb1 64. Rh8 Kd5 65. Rxh5 Ke4 66. Rh4 Rb8
67. Ka4 Kf3 68. Rh5 Rb7 69. Ka5 Rb8 70. Ka4 Rf8 71. Kb5 e5 72. Rxf5 e4 73. Rc5
e3 74. Rc7 Re8 75. Rc3 Kf2 76. g4 e2 77. Rc2 Kf3 78. Rxe2 Rxe2 79. g5 fxg5 80.
fxg5 Re5+ 0-1

[Event "3rd Sat Djenovici Mar IM"]
[Site "Djenovici MNE"]
[Date "2018.03.21"]
[Round "6.2"]
[White "Fominyh, Alexander"]
[Black "Martorelli, Antonio"]
[Result "1-0"]
[WhiteTitle "GM"]
[BlackTitle "IM"]
[WhiteElo "2406"]
[BlackElo "2192"]
[WhiteFideId "4100590"]
[BlackFideId "801399"]
[EventDate "2018.03.17"]

1. d4 Nf6 2. Nf3 g6 3. c4 Bg7 4. g3 O-O 5. Bg2 d6 6. O-O Nc6 7. Nc3 a6 8. Bf4
Bg4 9. d5 Na5 10. Nd2 c5 11. Rb1 Bd7 12. Qc2 b5 13. b3 Nh5 14. Be3 Nf6 15. h3
Rb8 16. Kh2 Qc7 17. Rfc1 bxc4 18. bxc4 Rb4 19. Rxb4 cxb4 20. Nce4 Nxe4 21. Nxe4
f5 22. Ng5 Rc8 23. c5 dxc5 24. Qxc5 Qxc5 25. Rxc5 b3 26. axb3 Nxb3 27. Rxc8+
Bxc8 28. d6 Nd4 29. dxe7 Bd7 30. Bd5+ 1-0

[Event "3rd Sat Djenovici Mar IM"]
[Site "Djenovici MNE"]
[Date "2018.03.21"]
[Round "6.3"]
[White "Kecskemeti, Arpad"]
[Black "Sredojevic, Ivan"]
[Result "1-0"]
[WhiteTitle "FM"]
[BlackTitle "IM"]
[WhiteElo "2308"]
[BlackElo "2318"]
[WhiteFideId "925322"]
[BlackFideId "929310"]
[EventDate "2018.03.17"]

1. e4 e5 2. Nf3 d6 3. d4 Nd7 4. c3 Ngf6 5. Bd3 g6 6. Bg5 Bg7 7. Na3 O-O 8. O-O
h6 9. Bh4 Re8 10. Re1 c6 11. Nc4 Qc7 12. a4 Nh5 13. Bb1 exd4 14. cxd4 b5 15.
axb5 cxb5 16. Na5 Nb6 17. e5 Bg4 18. h3 Be6 19. Bd3 Nc4 20. d5 Bxd5 21. Bxc4
Bxf3 22. exd6 Rxe1+ 23. Qxe1 Qxd6 24. Bb3 Bf6 25. gxf3 Bxh4 26. Qe4 Bxf2+ 27.
Kxf2 Qh2+ 28. Ke3 Rf8 29. Nc6 Ng7 30. Rxa7 Qxb2 31. Ne7+ Kh7 32. Bxf7 Qc3+ 33.
Ke2 Qb2+ 34. Kf1 Qc1+ 35. Ke2 Qb2+ 36. Ke3 Qc3+ 37. Ke2 Qb2+ 38. Kd1 Rd8+ 39.
Bd5 Qg2 40. Nc6 Qg1+ 41. Kc2 Qc5+ 42. Bc4 Rc8 43. Ne5 Qd6 44. Qb7 Qf8 45. Qxb5
Rc5 46. Rxg7+ 1-0

[Event "3rd Sat Djenovici Mar IM"]
[Site "Djenovici MNE"]
[Date "2018.03.21"]
[Round "6.4"]
[White "Soham, Das"]
[Black "Farkas, Tibor"]
[Result "1/2-1/2"]
[BlackTitle "IM"]
[WhiteElo "2275"]
[BlackElo "2329"]
[WhiteFideId "35026763"]
[BlackFideId "933333"]
[EventDate "2018.03.17"]

1. e4 c5 2. Nf3 d6 3. d4 cxd4 4. Nxd4 Nf6 5. Nc3 a6 6. Bg5 e6 7. f4 Qb6 8. Qd2
Qxb2 9. Rb1 Qa3 10. e5 h6 11. Bh4 dxe5 12. fxe5 g5 13. Bf2 1/2-1/2

[Event "3rd Sat Djenovici Mar IM"]
[Site "Djenovici MNE"]
[Date "2018.03.21"]
[Round "6.5"]
[White "Krstulovic, Alex"]
[Black "Kovacevic, Nikola"]
[Result "1-0"]
[WhiteTitle "FM"]
[WhiteElo "2376"]
[BlackElo "2121"]
[WhiteFideId "760056"]
[BlackFideId "632767"]
[EventDate "2018.03.17"]

1. d4 Nf6 2. c4 g6 3. Nc3 Bg7 4. e4 d6 5. Be2 O-O 6. Nf3 e5 7. O-O Nc6 8. d5 Ne7
9. Bg5 Nh5 10. Ne1 Nf4 11. Nd3 Nxe2+ 12. Qxe2 h6 13. Bd2 g5 14. f3 Ng6 15. g3 f5
16. Rac1 c5 17. exf5 Bxf5 18. Ne4 Qe7 19. b4 b6 20. Rb1 Rad8 21. Rb3 Bh3 22.
Rfb1 Bc8 23. a4 Ba6 24. Ndf2 Rf7 25. a5 b5 26. cxb5 Bb7 27. bxc5 dxc5 28. d6
Rxd6 29. Nxd6 Qxd6 30. Rd3 Qe6 31. Ne4 Qa2 32. Rc1 c4 33. Rd8+ Kh7 34. Qxc4 Qxc4
35. Rxc4 Rxf3 36. Rd7 Bxe4 37. Rxe4 Nf8 38. Rxa7 Rd3 39. Rxe5 Rxd2 40. Ree7 1-0

[Event "3rd Sat Djenovici Mar IM"]
[Site "Djenovici MNE"]
[Date "2018.03.22"]
[Round "7.1"]
[White "Farkas, Tibor"]
[Black "Krstulovic, Alex"]
[Result "1-0"]
[WhiteTitle "IM"]
[BlackTitle "FM"]
[WhiteElo "2329"]
[BlackElo "2376"]
[WhiteFideId "933333"]
[BlackFideId "760056"]
[EventDate "2018.03.17"]

1. e4 e5 2. Nf3 Nc6 3. Bc4 Bc5 4. c3 Nf6 5. d3 O-O 6. O-O d5 7. exd5 Nxd5 8. a4
Bf5 9. a5 a6 10. Re1 Qd6 11. Nbd2 Nf4 12. Ne4 Bxe4 13. Rxe4 Ne6 14. b4 Ba7 15.
Ba3 Rfd8 16. b5 Bc5 17. Bxe6 Bxa3 18. Bxf7+ Kxf7 19. bxc6 1-0

[Event "3rd Sat Djenovici Mar IM"]
[Site "Djenovici MNE"]
[Date "2018.03.22"]
[Round "7.2"]
[White "Sredojevic, Ivan"]
[Black "Soham, Das"]
[Result "0-1"]
[WhiteTitle "IM"]
[WhiteElo "2318"]
[BlackElo "2275"]
[WhiteFideId "929310"]
[BlackFideId "35026763"]
[EventDate "2018.03.17"]

1. e4 c5 2. Nf3 d6 3. d4 cxd4 4. Nxd4 Nf6 5. Nc3 a6 6. Be3 e5 7. Nb3 Be6 8. f3
Be7 9. Qd2 O-O 10. O-O-O a5 11. Qe1 Qc8 12. a4 Nc6 13. g4 Nb4 14. Kb1 d5 15. g5
Ne8 16. exd5 Bf5 17. Rd2 Nc7 18. Bc4 Rd8 19. Bb6 Ncxd5 20. Nxd5 Rxd5 21. Bxd5
Bxc2+ 22. Ka1 Qe8 23. Nc1 Qxa4+ 24. Na2 Nxa2 25. b3 Qa3 0-1

[Event "3rd Sat Djenovici Mar IM"]
[Site "Djenovici MNE"]
[Date "2018.03.22"]
[Round "7.3"]
[White "Martorelli, Antonio"]
[Black "Kecskemeti, Arpad"]
[Result "0-1"]
[WhiteTitle "IM"]
[BlackTitle "FM"]
[WhiteElo "2192"]
[BlackElo "2308"]
[WhiteFideId "801399"]
[BlackFideId "925322"]
[EventDate "2018.03.17"]

1. e4 c5 2. Nf3 d6 3. d4 cxd4 4. Nxd4 Nf6 5. Nc3 a6 6. g3 g6 7. Bg2 Bg7 8. O-O
O-O 9. a4 Nbd7 10. a5 Ne5 11. b3 Qc7 12. Bb2 Rb8 13. Nd5 Nxd5 14. exd5 b6 15. f4
Ng4 16. Rf3 bxa5 17. h3 Nh6 18. g4 Bd7 19. Bc3 a4 20. bxa4 Rfc8 21. Kh1 Nxg4 22.
hxg4 Bxg4 23. Be1 Bxf3 24. Bxf3 Bxd4 25. Qxd4 Qxc2 26. Bg3 Rc3 27. Be4 Qb2 28.
Qg1 Rxg3 0-1

[Event "3rd Sat Djenovici Mar IM"]
[Site "Djenovici MNE"]
[Date "2018.03.22"]
[Round "7.4"]
[White "Marjanovic, Dejan"]
[Black "Fominyh, Alexander"]
[Result "1/2-1/2"]
[WhiteTitle "FM"]
[BlackTitle "GM"]
[WhiteElo "2377"]
[BlackElo "2406"]
[WhiteFideId "14402661"]
[BlackFideId "4100590"]
[EventDate "2018.03.17"]

1. Nf3 Nf6 2. c4 c5 3. g3 d5 4. cxd5 Nxd5 5. Bg2 Nc6 6. O-O e5 7. d3 Be7 8. Nc3
Be6 9. Nxd5 Bxd5 10. Bd2 O-O 11. Bc3 f6 12. a4 Qd7 13. Nd2 Be6 14. Nc4 Rab8 15.
Be4 Nb4 16. a5 b5 17. axb6 axb6 18. Bxb4 cxb4 19. Ne3 f5 20. Bg2 Bc5 21. Qa4 b5
22. Qa6 Bb6 23. Rac1 f4 24. Rc6 fxe3 25. Rxb6 exf2+ 26. Kh1 Bd5 27. Rxb8 Rxb8
28. Rxf2 Ra8 29. Qxa8+ Bxa8 30. Bxa8 g6 31. e4 Qxd3 32. Bd5+ Kg7 33. b3 h5 34.
Kg2 g5 35. h4 gxh4 36. gxh4 Qd1 37. Rf3 Qe1 38. Rf2 Qe3 39. Rf7+ Kg6 40. Rf2 Qe1
41. Bf7+ Kh6 42. Bd5 1/2-1/2

[Event "3rd Sat Djenovici Mar IM"]
[Site "Djenovici MNE"]
[Date "2018.03.22"]
[Round "7.5"]
[White "Ding, Tze How Dilwen"]
[Black "Rajkovic, Mladen"]
[Result "1/2-1/2"]
[WhiteTitle "FM"]
[WhiteElo "2273"]
[BlackElo "2361"]
[WhiteFideId "5707641"]
[BlackFideId "930660"]
[EventDate "2018.03.17"]

1. d4 Nf6 2. Nf3 g6 3. c4 Bg7 4. g3 d5 5. cxd5 Nxd5 6. Bg2 Nb6 7. O-O Nc6 8. e3
O-O 9. Nc3 Re8 10. d5 Na5 11. e4 c6 12. dxc6 bxc6 13. Qc2 Ba6 14. Rd1 Qc8 1/2-1/2

[Event "3rd Sat Djenovici Mar IM"]
[Site "Djenovici MNE"]
[Date "2018.03.22"]
[Round "8.1"]
[White "Fominyh, Alexander"]
[Black "Ding, Tze How Dilwen"]
[Result "1/2-1/2"]
[WhiteTitle "GM"]
[BlackTitle "FM"]
[WhiteElo "2406"]
[BlackElo "2273"]
[WhiteFideId "4100590"]
[BlackFideId "5707641"]
[EventDate "2018.03.17"]

1. d4 d5 2. c4 dxc4 3. Nf3 Nf6 4. e3 Be6 5. Nc3 Nc6 6. Ng5 Bg4 7. Bxc4 Bxd1 8.
Bxf7+ Kd7 9. Be6+ Ke8 10. Bf7+ Kd7 11. Be6+ Ke8 12. Bf7+ 1/2-1/2

[Event "3rd Sat Djenovici Mar IM"]
[Site "Djenovici MNE"]
[Date "2018.03.22"]
[Round "8.2"]
[White "Kecskemeti, Arpad"]
[Black "Marjanovic, Dejan"]
[Result "0-1"]
[WhiteTitle "FM"]
[BlackTitle "FM"]
[WhiteElo "2308"]
[BlackElo "2377"]
[WhiteFideId "925322"]
[BlackFideId "14402661"]
[EventDate "2018.03.17"]

1. e4 d6 2. d4 Nf6 3. Nc3 Nbd7 4. Be3 e5 5. f3 Be7 6. g4 c6 7. Nge2 b5 8. a3 O-O
9. Qd2 a5 10. g5 Ne8 11. h4 Nc7 12. a4 b4 13. Nd1 d5 14. exd5 Nxd5 15. Bf2 Bd6
16. Ne3 N7b6 17. b3 Re8 18. O-O-O Qe7 19. Re1 Qc7 20. Kb2 Nc3 21. Ng3 c5 22. Nc4
Nxc4+ 23. Bxc4 cxd4 24. g6 Be6 25. gxh7+ Kh8 26. Bxe6 Rxe6 27. Nf5 Rc8 28. h5
Bf8 29. h6 g6 30. Bxd4 Kxh7 31. Ng7 Re7 32. Nf5 Rd7 33. Qg5 exd4 34. Qf6 Nxa4+
35. bxa4 Qxc2+ 36. Ka1 Qxa4+ 37. Kb1 Qc2+ 38. Ka1 Qxf5 0-1

[Event "3rd Sat Djenovici Mar IM"]
[Site "Djenovici MNE"]
[Date "2018.03.22"]
[Round "8.3"]
[White "Soham, Das"]
[Black "Martorelli, Antonio"]
[Result "1-0"]
[BlackTitle "IM"]
[WhiteElo "2275"]
[BlackElo "2192"]
[WhiteFideId "35026763"]
[BlackFideId "801399"]
[EventDate "2018.03.17"]

1. e4 c5 2. Nf3 e6 3. d4 cxd4 4. Nxd4 a6 5. Bd3 Nc6 6. Nxc6 dxc6 7. O-O e5 8.
Nd2 Bd6 9. Nc4 Nf6 10. a4 O-O 11. Bg5 h6 12. Bd2 Bc7 13. Qf3 Be6 14. Bb4 Re8 15.
Ne3 Ba5 16. Bxa5 Qxa5 17. Rfd1 Rad8 18. Qe2 Rd4 19. c3 Rd7 20. b4 Qc7 21. f3 a5
22. b5 Red8 23. Rab1 cxb5 24. Bxb5 Rxd1+ 25. Rxd1 Rxd1+ 26. Nxd1 Bb3 27. c4 Bxd1
28. Qxd1 Kf8 29. Qd2 Ke7 30. g3 b6 31. Kg2 Qd6 32. Qc3 g5 33. Qe3 Qc5 34. Qd2 1-0

[Event "3rd Sat Djenovici Mar IM"]
[Site "Djenovici MNE"]
[Date "2018.03.22"]
[Round "8.4"]
[White "Krstulovic, Alex"]
[Black "Sredojevic, Ivan"]
[Result "1/2-1/2"]
[WhiteTitle "FM"]
[BlackTitle "IM"]
[WhiteElo "2376"]
[BlackElo "2318"]
[WhiteFideId "760056"]
[BlackFideId "929310"]
[EventDate "2018.03.17"]

1. d4 Nf6 2. c4 e6 3. Nf3 d5 4. Nc3 c5 5. cxd5 Nxd5 6. e4 Nxc3 7. bxc3 cxd4 8.
cxd4 Bb4+ 9. Bd2 Bxd2+ 10. Qxd2 O-O 11. Rc1 b6 12. Bd3 Bb7 13. O-O Nd7 14. Qe3
Rc8 15. Rxc8 Qxc8 16. Rc1 Qb8 17. a4 1/2-1/2

[Event "3rd Sat Djenovici Mar IM"]
[Site "Djenovici MNE"]
[Date "2018.03.22"]
[Round "8.5"]
[White "Kovacevic, Nikola"]
[Black "Farkas, Tibor"]
[Result "1/2-1/2"]
[BlackTitle "IM"]
[WhiteElo "2121"]
[BlackElo "2329"]
[WhiteFideId "632767"]
[BlackFideId "933333"]
[EventDate "2018.03.17"]

1. e4 c5 2. Nf3 d6 3. d4 cxd4 4. Nxd4 Nf6 5. Nc3 a6 6. Be3 Ng4 7. Bg5 h6 8. Bh4
g5 9. Bg3 Bg7 10. h3 Ne5 11. f3 Nbc6 12. Bf2 Nxd4 13. Bxd4 Be6 14. Qd2 Qa5 15.
Nd5 Qxd2+ 16. Kxd2 Rc8 17. c3 1/2-1/2

[Event "3rd Sat Djenovici Mar IM"]
[Site "Djenovici MNE"]
[Date "2018.03.23"]
[Round "9.1"]
[White "Sredojevic, Ivan"]
[Black "Kovacevic, Nikola"]
[Result "1-0"]
[WhiteTitle "IM"]
[WhiteElo "2318"]
[BlackElo "2121"]
[WhiteFideId "929310"]
[BlackFideId "632767"]
[EventDate "2018.03.17"]

1. Nf3 Nf6 2. g3 g6 3. b3 Bg7 4. Bb2 d6 5. d4 Nbd7 6. Bg2 O-O 7. O-O c6 8. c4
Qc7 9. Nc3 Rd8 10. d5 Nf8 11. Qd2 e5 12. dxe6 fxe6 13. Rad1 a6 14. e4 e5 15. c5
d5 16. exd5 cxd5 17. Ng5 d4 18. Nce4 Bg4 19. Rc1 h6 20. Nxf6+ Bxf6 21. Ne4 Bg7
22. Nd6 Rab8 23. f4 Rxd6 24. cxd6 Qxd6 25. fxe5 Qxe5 26. Rf4 h5 27. Bxd4 Qd6 28.
Be3 Qxd2 29. Bxd2 Rd8 30. Ba5 b6 31. Bxb6 Rd2 32. Rf2 1-0

[Event "3rd Sat Djenovici Mar IM"]
[Site "Djenovici MNE"]
[Date "2018.03.23"]
[Round "9.2"]
[White "Martorelli, Antonio"]
[Black "Krstulovic, Alex"]
[Result "0-1"]
[WhiteTitle "IM"]
[BlackTitle "FM"]
[WhiteElo "2192"]
[BlackElo "2376"]
[WhiteFideId "801399"]
[BlackFideId "760056"]
[EventDate "2018.03.17"]

1. e4 c5 2. Nf3 d6 3. d4 cxd4 4. Nxd4 Nf6 5. Nc3 a6 6. g3 e5 7. Nb3 Be7 8. Bg2
O-O 9. O-O b5 10. Re1 Qc7 11. Bd2 Bg4 12. Nd5 Nxd5 13. Qxg4 Nf6 14. Qd1 Rc8 15.
a4 Nbd7 16. axb5 axb5 17. Bf1 Rxa1 18. Qxa1 Rb8 19. Qd1 Qc6 20. Bb4 Nc5 21. Nd2
Ne6 22. Bg2 h5 23. Nf1 Rc8 24. c3 Nc5 25. Qe2 g6 26. Ra1 Bd8 27. Bh3 Rb8 28. Bg2
Bb6 29. Nd2 Ng4 30. h3 Nxf2 31. Bxc5 Bxc5 32. Kh2 b4 33. c4 b3 34. Rf1 Qb6 35.
Nb1 Bd4 36. Na3 Be3 37. Nb5 Ra8 38. Nc3 Qc5 39. Nd1 Nxd1 40. Rxd1 Bd4 41. Bf1
Ra2 42. Rd2 Bxb2 43. Rxb2 Qa3 44. Rd2 b2 45. Qe1 Ra1 46. Rd1 Rxd1 47. Qxd1 Qa2 0-1

[Event "3rd Sat Djenovici Mar IM"]
[Site "Djenovici MNE"]
[Date "2018.03.23"]
[Round "9.3"]
[White "Marjanovic, Dejan"]
[Black "Soham, Das"]
[Result "1/2-1/2"]
[WhiteTitle "FM"]
[WhiteElo "2377"]
[BlackElo "2275"]
[WhiteFideId "14402661"]
[BlackFideId "35026763"]
[EventDate "2018.03.17"]

1. e4 c5 2. Nf3 d6 3. Bb5+ Bd7 4. Bxd7+ Nxd7 5. O-O Ngf6 6. Re1 e6 7. Nc3 Be7 8.
d4 cxd4 9. Nxd4 a6 10. Be3 O-O 1/2-1/2

[Event "3rd Sat Djenovici Mar IM"]
[Site "Djenovici MNE"]
[Date "2018.03.23"]
[Round "9.4"]
[White "Ding, Tze How Dilwen"]
[Black "Kecskemeti, Arpad"]
[Result "1/2-1/2"]
[WhiteTitle "FM"]
[BlackTitle "FM"]
[WhiteElo "2273"]
[BlackElo "2308"]
[WhiteFideId "5707641"]
[BlackFideId "925322"]
[EventDate "2018.03.17"]

1. d4 Nf6 2. Nf3 g6 3. c4 Bg7 4. g3 O-O 5. Bg2 d6 6. O-O Nbd7 7. Qc2 e5 8. Rd1
Qe7 9. e4 c6 10. Nc3 Ne8 11. Bg5 f6 12. Be3 1/2-1/2

[Event "3rd Sat Djenovici Mar IM"]
[Site "Djenovici MNE"]
[Date "2018.03.23"]
[Round "9.5"]
[White "Rajkovic, Mladen"]
[Black "Fominyh, Alexander"]
[Result "1-0"]
[BlackTitle "GM"]
[WhiteElo "2361"]
[BlackElo "2406"]
[WhiteFideId "930660"]
[BlackFideId "4100590"]
[EventDate "2018.03.17"]

1. e4 c5 2. Nf3 e6 3. b3 d6 4. Bb2 Nc6 5. d4 cxd4 6. Nxd4 Nf6 7. Nxc6 bxc6 8. e5
dxe5 9. Qxd8+ Kxd8 10. Bxe5 Bc5 11. Be2 Ne8 12. Nc3 f6 13. O-O-O+ Ke7 14. Ne4
Bb4 15. Bd4 e5 16. Bc5+ Bxc5 17. Nxc5 Bf5 18. f4 Rd8 19. Rxd8 Kxd8 20. fxe5 fxe5
21. Bf3 Kc7 22. Re1 Rf8 23. b4 a5 24. c3 axb4 25. cxb4 Nd6 26. Rxe5 Nb5 27. Re3
Nd4 28. Nb3 Nxb3+ 29. Rxb3 Be6 30. Rc3 Bxa2 31. Rxc6+ Kd7 32. Ra6 Bf7 33. b5 g5
34. Ra7+ Kd6 35. b6 g4 36. Be4 Bd5 37. Bxd5 Kxd5 38. Rxh7 Rf1+ 39. Kc2 1-0